El resurgimiento de las experiencias comunitarias (Record no. 126744)

MARC details
000 -LEADER
campo de control de longitud fija 00529nam a2200169 4500
001 - NÚMERO DE CONTROL
campo de control 126744
003 - IDENTIFICADOR DE NÚMERO DE CONTROL
campo de control ES-MaACL
005 - FECHA Y HORA DE LA ÚLTIMA TRANSACCIÓN
campo de control 20230906192854.0
007 - CAMPO FIJO DE DESCRIPCIÓN FÍSICA--INFORMACIÓN GENERAL
campo de control de longitud fija t|
008 - DATOS DE LONGITUD FIJA--INFORMACIÓN GENERAL
campo de control de longitud fija 070214s1972 sp r ||||1| spa d
245 03 - MENCIÓN DEL TÍTULO
Título El resurgimiento de las experiencias comunitarias
Resto del título : testimonios /
Mención de responsabilidad, etc. presentados por Max Delespesse y André Tange.
260 ## - PUBLICACIÓN, DISTRIBUCIÓN, ETC.
Lugar de publicación, distribución, etc. Bilbao :
Nombre del editor, distribuidor, etc. Mensajero,
Fecha de publicación, distribución, etc. 1972.
300 ## - DESCRIPCIÓN FÍSICA
Extensión 191 p. ;
Dimensiones 19 cm.
700 1# - ENTRADA AGREGADA--NOMBRE PERSONAL
Nombre de persona Delespesse, Max.
9 (RLIN) 43373
700 1# - ENTRADA AGREGADA--NOMBRE PERSONAL
Nombre de persona Tange, André.
9 (RLIN) 109189
852 ## - LOCALIZACIÓN
Ubicación ES-MaACL
Número de control de estantería C-46317
Sublocalización o colección R.80810
Holdings
Estatus retirado Estado de pérdida Estado de daño No para préstamo Biblioteca de origen Biblioteca actual Ubicación en estantería Fecha de adquisición Fuente de adquisición Total de préstamos Signatura topográfica completa Código de barras Visto por última vez Precio de reemplazo Tipo de ítem Koha
        Biblioteca del Ateneo de Madrid Biblioteca del Ateneo de Madrid Depósito 2 17/01/2008     C-46317 1132016 23/02/2023 23/02/2023 Libro impreso